Justo a tiempo por si acaso. (Record no. 33685)
[ view plain ]
| 000 -CABECERA | |
|---|---|
| campo de control de longitud fija | 00713nam a2200193 a 4500 |
| 005 - FECHA Y HORA DE LA ÚLTIMA TRANSACCIÓN | |
| campo de control | 20230209063801.0 |
| 008 - ELEMENTOS DE LONGITUD FIJA--INFORMACIÓN GENERAL | |
| campo de control de longitud fija | 991125c1987 mx 000 0 eng u |
| 035 ## - NÚMERO DE CONTROL DEL SISTEMA | |
| Número de control de sistema | UPN01000033685 |
| 049 ## - COLECCIÓN | |
| Colección | AV |
| 099 ## - CLASIFICACIÓN LOCAL | |
| Clasificación local | PVI H 0249 |
| 245 00 - MENCIÓN DE TÍTULO | |
| Título | Justo a tiempo por si acaso. |
| 260 ## - PUBLICACIÓN, DISTRIBUCIÓN, ETC. | |
| Lugar de publicación, distribución, etc. | México : |
| Nombre del editor, distribuidor, etc. | Películas Ebesa, |
| Fecha de publicación, distribución, etc. | c1987. |
| 300 ## - DESCRIPCIÓN FÍSICA | |
| Extensión | 1 videocasete (VHS) (28 min.) : |
| Otras características físicas | son., col. |
| 500 ## - NOTA GENERAL | |
| Nota general | Película subtitulada en español |
| 520 ## - NOTA DE RESUMEN, ETC. | |
| Sumario, etc. | Describe un sistema para mejorar la producción y calidad de las empresas, señala las ventajas que ofrece: mayor producción, eficiencia, calidad, productividad, mercadeo |
| 650 #4 - ASIENTO SECUNDARIO DE MATERIA - TERMINO TEMATICO | |
| Término de materia o nombre geográfico como elemento de entrada | Control de calidad |
| 9 (RLIN) | 10920 |
| 650 #4 - ASIENTO SECUNDARIO DE MATERIA - TERMINO TEMATICO | |
| Término de materia o nombre geográfico como elemento de entrada | PRODUCTIVIDAD |
| 905 ## - TIPO DE MATERIAL | |
| Tipo de material | Audiovisuales |
| Estado de retiro | Estado de pérdida | Fuente del sistema de clasificación o colocación | Estado dañado | No para préstamo | Código de colección | Localización permanente | Ubicación/localización actual | Ubicación en estantería | Enumeración/cronología de publicación seriada | Total de préstamos | Código de barras | Fecha visto por última vez | Número de copia | Tipo de ítem Koha |
|---|---|---|---|---|---|---|---|---|---|---|---|---|---|---|
| Library of Congress Classification | Audiovisuales | Bib. Gregorio Torres Quintero | Bib. Gregorio Torres Quintero | Audiovisual | - | 0249PVI | 31/12/2020 | 1 | Libro |
